| 000 | 00358nam a22001337a 4500 | ||
|---|---|---|---|
| 020 | _a8129702304 | ||
| 040 | _cNUST | ||
| 082 |
_a621.3848 _bEDD |
||
| 100 |
_aByron Edde _9124671 |
||
| 245 | _aRADAR Principles Technology Applications | ||
| 260 |
_aIndia: _bPearson Education, _c2005. |
||
| 650 | _2RADAR Principles Technology Applications | ||
| 942 |
_2ddc _cBK |
||
| 999 |
_c610478 _d610478 |
||